000 00689nam a2200217Ii 4500
003 JO-AjNU
008 230605s9999||||xx |||||||||||||| ||und||
017 _a1999/2/173
040 _aJO-AjNU
_bara
_erda
_cJO-AjNU
041 _aara
050 1 4 _aPJ6696.Z82 1999
100 3 _aتأليف الزبيدي، دوان موسى الدوان,
_eauthor
_910340
245 0 0 _aتعليم لغة القرآن: مشكلات وحلول
250 _aط1
264 3 1 _aعمان: دار أسامة، 1999
300 _a96ص
336 _atext
_btxt
_2rdacontent
337 _aunmediated
_bn
_2rdamedia
338 _avolume
_bnc
_2rdacarrier
650 4 _aاللغة العربية - تعليم
_910341
999 _aA1757
_c5325
_d5325